ბათუმის შოთა რუსთაველის სახელმწიფო უნივერსიტეტის ბიბლიოთეკა

Assessing listening and spoken language in children with hearing loss / (ბიბ.ჩანაწერი № 58094)

000 -LEADER
fixed length control field 01024cam a2200229 i 4500
001 - CONTROL NUMBER
control field 18325716
005 - DATE AND TIME OF LATEST TRANSACTION
control field 20221107115801.0
008 - FIXED-LENGTH DATA ELEMENTS--GENERAL INFORMATION
fixed length control field 141002t20152015caua b 001 0 eng
020 ## - INTERNATIONAL STANDARD BOOK NUMBER
International Standard Book Number 9781597565769 X
041 ## - LANGUAGE CODE
Language code of text/sound track or separate title eng
080 ## - UNIVERSAL DECIMAL CLASSIFICATION NUMBER
Universal Decimal Classification number 616.28-008.14-053.2 B-84
100 ## - MAIN ENTRY--PERSONAL NAME
Personal name Bradham, Tamala S.
9 (RLIN) 12035
245 00 - TITLE STATEMENT
Title Assessing listening and spoken language in children with hearing loss /
Statement of responsibility, etc. Tamala S. Bradham, K. Todd Houston.
264 #1 - PRODUCTION, PUBLICATION, DISTRIBUTION, MANUFACTURE, AND COPYRIGHT NOTICE
Place of production, publication, distribution, manufacture San Diego, CA :
Name of producer, publisher, distributor, manufacturer Plural Publishing Inc.,
Date of production, publication, distribution, manufacture, or copyright notice 2015.
300 ## - PHYSICAL DESCRIPTION
Extent 477 pages :
Other physical details 26 cm.
653 ## - INDEX TERM--UNCONTROLLED
keyword სმენის დაქვეითების მქონე ბავშვებში მოსმენისა და სასაუბრო ენის შეფასება
653 ## - INDEX TERM--UNCONTROLLED
keyword Оценка аудирования и разговорной речи у детей с потерей слуха
653 ## - INDEX TERM--UNCONTROLLED
keyword მედიცინა
653 ## - INDEX TERM--UNCONTROLLED
keyword медицина
700 1# - ADDED ENTRY--PERSONAL NAME
Personal name Houston, K. Todd,
Relator term ავტორი
9 (RLIN) 12036
942 ## - ADDED ENTRY ELEMENTS (KOHA)
Source of classification or shelving scheme
Koha item type წიგნი
ეგზემპლარები
Withdrawn status Lost status Source of classification or shelving scheme Damaged status Not for loan Permanent Location Current Location Shelving location Date acquired Cost, normal purchase price Full call number Barcode Date last seen Copy number Price effective from Koha item type Public note
          ბათუმის შოთა რუსთაველის სახელმწიფო უნივერსიტეტის მთავარი ბიბლიოთეკა ბათუმის შოთა რუსთაველის სახელმწიფო უნივერსიტეტის მთავარი ბიბლიოთეკა წიგნსაცავი 2021-06-14 324.00 616.28-008.14-053.2 B-84 61377 2021-06-14 61377 2021-06-14 წიგნი 324 ლ.